[Event "WCO 2016"]
[Site "?"]
[Date "2016.09.13"]
[Round "11"]
[Board "11"]
[WhiteID "1331973"]
[White "Georgescu Lena"]
[BlackID "1911899"]
[Black "Silva Mariana Sofia T."]
[Result "1-0"]
[BlackElo "1789"]
[WhiteElo "2164"]
[LiveChessVersion "1.4.8"]

1. e4 {[%clk 1:30:58]} c5 {[%clk 1:30:50]} 2. Nc3 {[%clk 1:31:20]} Nc6
{[%clk 1:31:16]} 3. Bb5 {[%clk 1:31:47]} Nd4 {[%clk 1:31:27]} 4. Bc4
{[%clk 1:32:13]} e6 {[%clk 1:31:39]} 5. Nge2 {[%clk 1:32:36]} Nf6
{[%clk 1:29:57]} 6. O-O {[%clk 1:32:52]} b5 {[%clk 1:26:57]} 7. Nxd4
{[%clk 1:31:58]} bxc4 {[%clk 1:27:12]} 8. Nf3 {[%clk 1:31:52]} d5
{[%clk 1:25:35]} 9. exd5 {[%clk 1:32:12]} exd5 {[%clk 1:25:52]} 10. d4
{[%clk 1:32:21]} cxd3 {[%clk 1:21:04]} 11. Qxd3 {[%clk 1:32:27]} Be7
{[%clk 1:20:29]} 12. Bg5 {[%clk 1:27:35]} Be6 {[%clk 1:07:32]} 13. Bxf6
{[%clk 1:21:15]} Bxf6 {[%clk 1:02:29]} 14. Qb5+ {[%clk 1:21:23]} Qd7
{[%clk 1:00:27]} 15. Qxc5 {[%clk 1:19:47]} Rc8 {[%clk 0:55:29]} 16. Qb4
{[%clk 1:09:33]} Rc4 {[%clk 0:45:11]} 17. Qb8+ {[%clk 1:07:41]} Rc8
{[%clk 0:43:12]} 18. Qb4 {[%clk 1:03:27]} a5 {[%clk 0:26:49]} 19. Qxa5
{[%clk 0:54:36]} O-O {[%clk 0:27:02]} 20. Rfd1 {[%clk 0:48:20]} Ra8
{[%clk 0:23:48]} 21. Qc5 {[%clk 0:42:03]} Rfc8 {[%clk 0:22:33]} 22. Qe3
{[%clk 0:42:07]} Rab8 {[%clk 0:19:08]} 23. Rab1 {[%clk 0:38:45]} Qb7
{[%clk 0:15:24]} 24. Nd4 {[%clk 0:34:21]} Re8 {[%clk 0:12:16]} 25. Qf3
{[%clk 0:30:17]} Qd7 {[%clk 0:10:57]} 26. h3 {[%clk 0:29:19]} Rec8
{[%clk 0:07:38]} 27. Nce2 {[%clk 0:27:42]} Qa7 {[%clk 0:04:09]} 28. a3
{[%clk 0:27:03]} Rc4 {[%clk 0:02:57]} 29. c3 {[%clk 0:26:29]} Qb7
{[%clk 0:02:09]} 30. Nf5 {[%clk 0:19:32]} Qd7 {[%clk 0:01:27]} 31. Ne3
{[%clk 0:19:32]} Rc5 {[%clk 0:00:57]} 32. b4 {[%clk 0:16:55]} Rc7
{[%clk 0:01:01]} 33. Nxd5 {[%clk 0:16:09]} Bxd5 {[%clk 0:01:26]} 34. Rxd5
{[%clk 0:14:31]} Qe6 {[%clk 0:00:47]} 35. Rbd1 {[%clk 0:13:47]} Rbc8
{[%clk 0:00:48]} 36. a4 {[%clk 0:11:10]} g6 {[%clk 0:00:48]} 37. Rd6
{[%clk 0:11:12]} 1-0

[Event "WCO 2016"]
[Site "?"]
[Date "2016.09.13"]
[Round "11"]
[Board "12"]
[WhiteID "1932543"]
[White "Silva Ana Ines Teixeira Da"]
[BlackID "1305620"]
[Black "De Seroux Camille"]
[Result "0-1"]
[BlackElo "2101"]
[WhiteElo "1855"]
[LiveChessVersion "1.4.8"]

1. e4 {[%clk 1:30:56]} c5 {[%clk 1:30:54]} 2. Nc3 {[%clk 1:31:19]} Nc6
{[%clk 1:31:05]} 3. g3 {[%clk 1:31:44]} g6 {[%clk 1:31:14]} 4. Bg2
{[%clk 1:32:06]} Bg7 {[%clk 1:31:34]} 5. d3 {[%clk 1:32:31]} d6 {[%clk 1:31:50]}
6. f4 {[%clk 1:32:37]} e6 {[%clk 1:31:58]} 7. Nf3 {[%clk 1:33:02]} Nge7
{[%clk 1:32:19]} 8. O-O {[%clk 1:33:19]} O-O {[%clk 1:32:40]} 9. Be3
{[%clk 1:33:34]} b6 {[%clk 1:33:02]} 10. Qd2 {[%clk 1:32:39]} d5 {[%clk 1:33:13]}
11. exd5 {[%clk 1:25:18]} exd5 {[%clk 1:33:36]} 12. d4 {[%clk 1:22:21]} Nf5
{[%clk 1:20:47]} 13. Bf2 {[%clk 1:18:54]} cxd4 {[%clk 1:08:44]} 14. Ne2
{[%clk 1:03:02]} Ba6 {[%clk 1:02:55]} 15. Rfe1 {[%clk 0:57:05]} Ne3
{[%clk 1:01:12]} 16. Bxe3 {[%clk 0:53:46]} dxe3 {[%clk 1:01:34]} 17. Qxe3
{[%clk 0:53:01]} Bxb2 {[%clk 0:59:11]} 18. Rad1 {[%clk 0:51:33]} Bg7
{[%clk 0:54:54]} 19. Ned4 {[%clk 0:33:20]} Nxd4 {[%clk 0:33:47]} 20. Nxd4
{[%clk 0:33:03]} Rc8 {[%clk 0:33:27]} 21. Qa3 {[%clk 0:29:19]} Bc4
{[%clk 0:31:17]} 22. Qxa7 {[%clk 0:24:28]} Qc7 {[%clk 0:20:00]} 23. Qxc7
{[%clk 0:21:49]} Rxc7 {[%clk 0:20:24]} 24. Nb3 {[%clk 0:21:05]} Rd8
{[%clk 0:18:51]} 25. Re3 {[%clk 0:11:06]} Ra7 {[%clk 0:18:24]} 26. Nc1
{[%clk 0:06:03]} Bb2 {[%clk 0:17:45]} 27. Re4 {[%clk 0:02:18]} b5
{[%clk 0:11:45]} 28. Nb3 {[%clk 0:01:37]} Rxa2 {[%clk 0:10:17]} 29. Re7
{[%clk 0:01:26]} Bf6 {[%clk 0:03:49]} 30. Rb7 {[%clk 0:00:38]} Rxc2
{[%clk 0:03:14]} 31. Nd4 {[%clk 0:00:41]} Rb2 {[%clk 0:02:09]} 32. Nc6
{[%clk 0:01:06]} Re8 {[%clk 0:02:07]} 33. Bf1 {[%clk 0:00:45]} Kg7
{[%clk 0:01:46]} 34. Bxc4 {[%clk 0:00:49]} dxc4 {[%clk 0:01:48]} 35. h3
{[%clk 0:00:49]} c3 {[%clk 0:01:27]} 36. Rc1 {[%clk 0:00:40]} c2 {[%clk 0:01:10]}
37. Kf2 {[%clk 0:01:04]} Rc8 {[%clk 0:00:59]} 38. Ne5 {[%clk 0:00:43]} Bxe5
{[%clk 0:00:57]} 39. fxe5 {[%clk 0:01:09]} Rb1 {[%clk 0:01:18]} 40. e6
{[%clk 0:31:26]} Rxc1 {[%clk 0:31:32]} 41. Rxf7+ {[%clk 0:31:51]} Kg8
{[%clk 0:31:47]} 42. Rd7 {[%clk 0:31:21]} Rd1 {[%clk 0:29:16]} 0-1

[Event "WCO 2016"]
[Site "?"]
[Date "2016.09.13"]
[Round "11"]
[Board "9"]
[WhiteID "14300818"]
[White "Frick Denise"]
[BlackID "505161"]
[Black "Zhou Qiyu"]
[Result "0-1"]
[BlackElo "2367"]
[WhiteElo "1803"]
[LiveChessVersion "1.4.8"]

1. e4 {[%clk 1:30:57]} c5 {[%clk 1:30:55]} 2. d3 {[%clk 1:31:14]} Nc6
{[%clk 1:30:46]} 3. Nd2 {[%clk 1:30:42]} g6 {[%clk 1:30:50]} 4. c3
{[%clk 1:30:25]} Bg7 {[%clk 1:30:02]} 5. f4 {[%clk 1:29:16]} e6 {[%clk 1:29:48]}
6. Ngf3 {[%clk 1:29:29]} Nge7 {[%clk 1:29:46]} 7. g3 {[%clk 1:28:07]} O-O
{[%clk 1:29:47]} 8. Bg2 {[%clk 1:28:32]} d5 {[%clk 1:29:32]} 9. O-O
{[%clk 1:23:04]} Rb8 {[%clk 1:28:25]} 10. Re1 {[%clk 1:18:11]} b5
{[%clk 1:22:05]} 11. e5 {[%clk 1:14:54]} c4 {[%clk 1:09:15]} 12. d4
{[%clk 1:12:41]} a5 {[%clk 1:04:29]} 13. Nf1 {[%clk 1:10:19]} Bd7
{[%clk 1:03:26]} 14. g4 {[%clk 1:06:35]} b4 {[%clk 1:02:19]} 15. Ng3
{[%clk 0:58:50]} a4 {[%clk 0:58:40]} 16. Bh3 {[%clk 0:53:53]} a3 {[%clk 0:42:08]}
17. f5 {[%clk 0:39:32]} axb2 {[%clk 0:39:50]} 18. Bxb2 {[%clk 0:39:51]} exf5
{[%clk 0:38:46]} 19. gxf5 {[%clk 0:39:25]} Nxf5 {[%clk 0:37:26]} 20. Bxf5
{[%clk 0:33:25]} Bxf5 {[%clk 0:37:44]} 21. Nxf5 {[%clk 0:33:09]} gxf5
{[%clk 0:38:03]} 22. Kh1 {[%clk 0:31:41]} Kh8 {[%clk 0:36:25]} 23. Rg1
{[%clk 0:28:11]} Bh6 {[%clk 0:28:06]} 24. Bc1 {[%clk 0:26:23]} f4
{[%clk 0:27:24]} 25. Rg4 {[%clk 0:19:14]} Rg8 {[%clk 0:22:07]} 26. Rh4
{[%clk 0:16:27]} Qf8 {[%clk 0:21:01]} 27. cxb4 {[%clk 0:15:42]} Qg7
{[%clk 0:15:59]} 28. Qf1 {[%clk 0:13:37]} Nxb4 {[%clk 0:15:41]} 29. Bxf4
{[%clk 0:13:20]} Bxf4 {[%clk 0:15:16]} 30. Rxf4 {[%clk 0:13:44]} Nd3
{[%clk 0:14:10]} 31. Rf6 {[%clk 0:13:03]} Rb2 {[%clk 0:14:14]} 32. Ne1
{[%clk 0:10:43]} Rxh2+ {[%clk 0:12:14]} 33. Kxh2 {[%clk 0:10:58]} Qg3+
{[%clk 0:12:39]} 34. Kh1 {[%clk 0:11:18]} Qh4+ {[%clk 0:13:05]} 0-1

[Event "WCO 2016"]
[Site "?"]
[Date "2016.09.13"]
[Round "11"]
[Board "10"]
[WhiteID "2603365"]
[White "Botez Alexandra"]
[BlackID "14300800"]
[Black "Laubscher Anzel"]
[Result "1-0"]
[BlackElo "1814"]
[WhiteElo "2092"]
[LiveChessVersion "1.4.8"]

1. d4 {[%clk 1:30:58]} d5 {[%clk 1:30:56]} 2. c4 {[%clk 1:31:23]} c6
{[%clk 1:31:22]} 3. Nf3 {[%clk 1:31:48]} Nf6 {[%clk 1:31:44]} 4. Nc3
{[%clk 1:32:11]} e6 {[%clk 1:32:02]} 5. e3 {[%clk 1:32:25]} Nbd7 {[%clk 1:32:13]}
6. Bd3 {[%clk 1:32:35]} Bd6 {[%clk 1:31:50]} 7. O-O {[%clk 1:32:52]} O-O
{[%clk 1:31:48]} 8. b3 {[%clk 1:29:48]} e5 {[%clk 1:25:47]} 9. cxd5
{[%clk 1:19:56]} cxd5 {[%clk 1:25:37]} 10. Nb5 {[%clk 1:15:43]} Bb8
{[%clk 1:25:42]} 11. dxe5 {[%clk 1:15:30]} Nxe5 {[%clk 1:24:54]} 12. h3
{[%clk 1:11:38]} Ne4 {[%clk 1:16:34]} 13. Bb2 {[%clk 1:05:18]} Qf6
{[%clk 1:05:32]} 14. Nxe5 {[%clk 1:05:15]} Bxe5 {[%clk 1:05:10]} 15. Bxe5
{[%clk 1:05:40]} Qxe5 {[%clk 1:05:16]} 16. Rc1 {[%clk 1:05:19]} Bd7
{[%clk 0:59:03]} 17. f4 {[%clk 0:57:41]} Qe7 {[%clk 0:41:25]} 18. Nc7
{[%clk 0:57:37]} Nc5 {[%clk 0:40:10]} 19. Nxd5 {[%clk 0:56:08]} Qd6
{[%clk 0:39:12]} 20. Rxc5 {[%clk 0:54:45]} Qxc5 {[%clk 0:37:23]} 21. Bxh7+
{[%clk 0:53:02]} Kxh7 {[%clk 0:35:17]} 22. Qh5+ {[%clk 0:53:26]} Kg8
{[%clk 0:35:42]} 23. Nf6+ {[%clk 0:53:49]} gxf6 {[%clk 0:36:07]} 24. Qxc5
{[%clk 0:54:15]} Bc6 {[%clk 0:35:11]} 25. Qf5 {[%clk 0:54:27]} Kg7
{[%clk 0:33:45]} 26. Qg4+ {[%clk 0:54:50]} Kh7 {[%clk 0:33:45]} 27. Qf5+
{[%clk 0:52:52]} Kg7 {[%clk 0:29:43]} 28. e4 {[%clk 0:52:31]} Rad8
{[%clk 0:27:18]} 29. Rf3 {[%clk 0:52:26]} Rd1+ {[%clk 0:23:31]} 30. Kh2
{[%clk 0:52:48]} Rfd8 {[%clk 0:23:34]} 31. Rg3+ {[%clk 0:53:03]} Kf8
{[%clk 0:23:44]} 32. Qc5+ {[%clk 0:49:30]} Ke8 {[%clk 0:23:25]} 33. Rg8+
{[%clk 0:46:48]} Kd7 {[%clk 0:23:46]} 34. Rxd8+ {[%clk 0:47:08]} Kxd8
{[%clk 0:24:09]} 35. h4 {[%clk 0:47:10]} Kc7 {[%clk 0:22:18]} 36. h5
{[%clk 0:47:01]} Rd8 {[%clk 0:22:18]} 37. Qe7+ {[%clk 0:47:20]} Rd7
{[%clk 0:22:24]} 38. Qxf6 {[%clk 0:47:42]} Kc8 {[%clk 0:21:15]} 39. Qf5
{[%clk 0:48:07]} 1-0

[Event "WCO 2016"]
[Site "?"]
[Date "2016.09.13"]
[Round "11"]
[Board "11"]
[WhiteID "14312336"]
[White "February Jesse Nikki"]
[BlackID "2613433"]
[Black "Agbabishvili Lali"]
[Result "0-1"]
[BlackElo "2064"]
[WhiteElo "1922"]
[LiveChessVersion "1.4.8"]

1. e4 {[%clk 1:30:50]} c5 {[%clk 1:30:49]} 2. Nf3 {[%clk 1:31:09]} d6
{[%clk 1:31:14]} 3. d4 {[%clk 1:31:32]} cxd4 {[%clk 1:31:38]} 4. Nxd4
{[%clk 1:31:55]} Nf6 {[%clk 1:32:02]} 5. Nc3 {[%clk 1:31:56]} a6 {[%clk 1:32:27]}
6. Be2 {[%clk 1:31:59]} e5 {[%clk 1:32:47]} 7. Nb3 {[%clk 1:32:20]} Be7
{[%clk 1:33:04]} 8. Be3 {[%clk 1:31:16]} Be6 {[%clk 1:33:15]} 9. O-O
{[%clk 1:30:24]} Nbd7 {[%clk 1:33:19]} 10. f3 {[%clk 1:26:19]} Rc8
{[%clk 1:31:33]} 11. Qd2 {[%clk 1:20:49]} O-O {[%clk 1:30:17]} 12. Rfd1
{[%clk 1:15:41]} Nb6 {[%clk 1:29:40]} 13. Rac1 {[%clk 1:08:07]} d5
{[%clk 1:27:25]} 14. exd5 {[%clk 1:02:20]} Nbxd5 {[%clk 1:24:18]} 15. Qe1
{[%clk 0:55:12]} Qc7 {[%clk 1:23:54]} 16. Nxd5 {[%clk 0:50:58]} Nxd5
{[%clk 1:24:14]} 17. Bf2 {[%clk 0:48:11]} Bg5 {[%clk 1:23:38]} 18. c4
{[%clk 0:31:28]} Ne3 {[%clk 1:22:04]} 19. Rd3 {[%clk 0:31:29]} Nxc4
{[%clk 1:14:50]} 20. Rcc3 {[%clk 0:19:17]} Qe7 {[%clk 1:13:10]} 21. h4
{[%clk 0:10:49]} Bh6 {[%clk 1:12:58]} 22. Qb1 {[%clk 0:04:19]} b5
{[%clk 0:57:48]} 23. g4 {[%clk 0:02:54]} Bf4 {[%clk 0:57:08]} 24. Rd1
{[%clk 0:02:37]} b4 {[%clk 0:45:37]} 25. Rcd3 {[%clk 0:02:42]} a5
{[%clk 0:43:30]} 26. Nc1 {[%clk 0:01:58]} f5 {[%clk 0:31:02]} 27. g5
{[%clk 0:01:40]} h6 {[%clk 0:28:19]} 28. gxh6 {[%clk 0:00:57]} Bxh6
{[%clk 0:28:33]} 29. Bf1 {[%clk 0:00:59]} e4 {[%clk 0:21:01]} 30. fxe4
{[%clk 0:01:01]} fxe4 {[%clk 0:21:30]} 31. Rg3 {[%clk 0:00:56]} e3
{[%clk 0:21:48]} 32. Be1 {[%clk 0:01:10]} Rxf1+ {[%clk 0:17:19]} 33. Kxf1
{[%clk 0:01:31]} Rf8+ {[%clk 0:17:30]} 34. Kg1 {[%clk 0:01:38]} Bf5
{[%clk 0:17:36]} 35. Nd3 {[%clk 0:01:14]} Ne5 {[%clk 0:16:35]} 36. Qc2
{[%clk 0:00:59]} Nxd3 {[%clk 0:16:10]} 37. Rxd3 {[%clk 0:00:57]} Kh8
{[%clk 0:15:48]} 38. Qe2 {[%clk 0:00:34]} Bxd3 {[%clk 0:16:07]} 39. Qxd3
{[%clk 0:00:59]} Qxh4 {[%clk 0:12:21]} 40. Qd6 {[%clk 0:31:22]} Qf6
{[%clk 0:34:45]} 41. Qxf6 {[%clk 0:27:58]} Rxf6 {[%clk 0:32:22]} 42. Kg2
{[%clk 0:28:06]} Rc6 {[%clk 0:32:21]} 43. Kf3 {[%clk 0:27:48]} Rc1
{[%clk 0:32:07]} 44. Rg1 {[%clk 0:23:38]} Ra1 {[%clk 0:30:36]} 45. a3
{[%clk 0:20:45]} bxa3 {[%clk 0:30:29]} 46. bxa3 {[%clk 0:21:09]} Rxa3
{[%clk 0:30:49]} 47. Bh4 {[%clk 0:21:19]} Ra2 {[%clk 0:30:19]} 48. Re1
{[%clk 0:21:23]} a4 {[%clk 0:30:28]} 49. Be7 {[%clk 0:20:23]} Kg8
{[%clk 0:30:32]} 50. Bc5 {[%clk 0:19:39]} Rc2 {[%clk 0:30:35]} 51. Bb4
{[%clk 0:19:31]} Rc4 {[%clk 0:30:03]} 52. Ba3 {[%clk 0:18:26]} Kf7
{[%clk 0:30:03]} 0-1

[Event "WCO 2016"]
[Site "?"]
[Date "2016.09.13"]
[Round "11"]
[Board "12"]
[WhiteID "2620472"]
[White "Ouellet Maili-Jade"]
[BlackID "14307553"]
[Black "Fisher Michelle M"]
[Result "1-0"]
[BlackElo "1701"]
[WhiteElo "1992"]
[LiveChessVersion "1.4.8"]

1. d4 {[%clk 1:30:58]} Nf6 {[%clk 1:30:52]} 2. c4 {[%clk 1:31:24]} g6
{[%clk 1:31:19]} 3. Nc3 {[%clk 1:31:48]} Bg7 {[%clk 1:31:43]} 4. e4
{[%clk 1:32:13]} d6 {[%clk 1:32:09]} 5. f4 {[%clk 1:32:38]} O-O {[%clk 1:32:33]}
6. Nf3 {[%clk 1:33:05]} e5 {[%clk 1:32:52]} 7. fxe5 {[%clk 1:33:28]} dxe5
{[%clk 1:33:13]} 8. d5 {[%clk 1:33:52]} Na6 {[%clk 1:32:45]} 9. Be2
{[%clk 1:34:09]} Nc5 {[%clk 1:31:47]} 10. Bg5 {[%clk 1:34:26]} h6
{[%clk 1:32:03]} 11. Bxf6 {[%clk 1:34:46]} Bxf6 {[%clk 1:32:23]} 12. b4
{[%clk 1:32:25]} Nd7 {[%clk 1:32:17]} 13. O-O {[%clk 1:32:32]} a5
{[%clk 1:22:41]} 14. a3 {[%clk 1:32:32]} b6 {[%clk 1:21:01]} 15. Qb3
{[%clk 1:26:52]} Bg7 {[%clk 1:16:12]} 16. Rac1 {[%clk 1:23:54]} Qe7
{[%clk 1:12:00]} 17. Nb5 {[%clk 1:22:36]} Nf6 {[%clk 1:10:37]} 18. Nd2
{[%clk 1:14:56]} Ba6 {[%clk 0:56:06]} 19. c5 {[%clk 1:10:16]} Bxb5
{[%clk 0:55:35]} 20. Bxb5 {[%clk 1:10:34]} axb4 {[%clk 0:54:58]} 21. axb4
{[%clk 1:10:22]} bxc5 {[%clk 0:54:48]} 22. Rxc5 {[%clk 1:09:57]} Ra7
{[%clk 0:43:14]} 23. Rfc1 {[%clk 1:09:12]} Rb8 {[%clk 0:41:47]} 24. Bf1
{[%clk 0:43:55]} h5 {[%clk 0:40:18]} 25. Re1 {[%clk 0:22:18]} Bh6
{[%clk 0:39:25]} 26. Qc3 {[%clk 0:21:29]} Nd7 {[%clk 0:16:55]} 27. Ra5
{[%clk 0:16:49]} Rab7 {[%clk 0:14:37]} 28. b5 {[%clk 0:16:00]} Qc5+
{[%clk 0:12:04]} 29. Qxc5 {[%clk 0:16:21]} Nxc5 {[%clk 0:12:26]} 30. Nf3
{[%clk 0:14:30]} Nb3 {[%clk 0:11:38]} 31. Ra2 {[%clk 0:06:00]} f6
{[%clk 0:09:57]} 32. Kf2 {[%clk 0:03:10]} Bf8 {[%clk 0:09:04]} 33. Rc2
{[%clk 0:02:02]} Ra8 {[%clk 0:06:07]} 34. d6 {[%clk 0:01:54]} Bxd6
{[%clk 0:05:26]} 35. Bc4+ {[%clk 0:02:14]} Kg7 {[%clk 0:04:28]} 36. Bxb3
{[%clk 0:04:26]} Rxb5 {[%clk 0:04:33]} 37. Bd5 {[%clk 0:04:20]} Ra3
{[%clk 0:04:04]} 38. Rec1 {[%clk 0:03:33]} g5 {[%clk 0:03:08]} 39. Ke2
{[%clk 0:02:51]} Kh6 {[%clk 0:01:48]} 40. Nd2 {[%clk 0:32:26]} Ra7
{[%clk 0:30:35]} 41. Rc6 {[%clk 0:30:42]} Kg6 {[%clk 0:27:49]} 42. Nc4
{[%clk 0:30:00]} Ra4 {[%clk 0:20:47]} 43. Nxd6 {[%clk 0:29:33]} cxd6
{[%clk 0:20:57]} 44. Rxd6 {[%clk 0:28:50]} Rb2+ {[%clk 0:21:21]} 45. Kf1
{[%clk 0:29:07]} Rd4 {[%clk 0:20:50]} 46. Rd7 {[%clk 0:29:12]} Kh6
{[%clk 0:19:19]} 47. Rb7 {[%clk 0:27:29]} Rbd2 {[%clk 0:18:24]} 48. h3
{[%clk 0:26:51]} Ra4 {[%clk 0:15:59]} 49. Rb6 {[%clk 0:26:27]} Kg6
{[%clk 0:15:50]} 50. Kg1 {[%clk 0:26:45]} g4 {[%clk 0:14:11]} 51. h4
{[%clk 0:23:46]} 1-0

[Event "WCO 2016"]
[Site "?"]
[Date "2016.09.13"]
[Round "11"]
[Board "13"]
[WhiteID "1500953"]
[White "Sahl Sheila Barth"]
[BlackID "7101198"]
[Black "Sihite Chelsie Monica Ignesias"]
[Result "1/2-1/2"]
[BlackElo "2199"]
[WhiteElo "2181"]
[LiveChessVersion "1.4.8"]

1. e4 {[%clk 1:30:56]} e5 {[%clk 1:30:57]} 2. Nf3 {[%clk 1:31:18]} Nc6
{[%clk 1:31:25]} 3. d4 {[%clk 1:31:42]} exd4 {[%clk 1:31:51]} 4. Bc4
{[%clk 1:31:55]} Bc5 {[%clk 1:32:17]} 5. c3 {[%clk 1:31:50]} Nf6 {[%clk 1:32:43]}
6. e5 {[%clk 1:31:41]} d5 {[%clk 1:32:57]} 7. Be2 {[%clk 1:32:01]} Ne4
{[%clk 1:32:27]} 8. cxd4 {[%clk 1:32:09]} Bb6 {[%clk 1:32:33]} 9. Nc3
{[%clk 1:31:48]} Bg4 {[%clk 1:32:48]} 10. Be3 {[%clk 1:29:57]} O-O
{[%clk 1:30:18]} 11. O-O {[%clk 1:23:18]} Bxf3 {[%clk 1:26:41]} 12. Bxf3
{[%clk 1:23:02]} Nxc3 {[%clk 1:27:06]} 13. bxc3 {[%clk 1:23:25]} Na5
{[%clk 1:27:24]} 14. Be2 {[%clk 1:17:35]} f5 {[%clk 1:26:31]} 15. exf6
{[%clk 1:08:01]} Qxf6 {[%clk 1:26:50]} 16. Bd3 {[%clk 1:08:22]} c6
{[%clk 1:26:08]} 17. Qg4 {[%clk 1:03:59]} Rae8 {[%clk 1:24:17]} 18. Bg5
{[%clk 0:58:13]} Qe6 {[%clk 1:23:29]} 19. Qh4 {[%clk 0:47:07]} g6
{[%clk 1:23:33]} 20. Bf4 {[%clk 0:46:31]} Bd8 {[%clk 1:21:32]} 21. Qg3
{[%clk 0:43:49]} Qf6 {[%clk 1:21:41]} 22. Be5 {[%clk 0:43:12]} Qh4
{[%clk 1:21:54]} 23. Qxh4 {[%clk 0:37:11]} Bxh4 {[%clk 1:22:22]} 24. Rab1
{[%clk 0:37:31]} b5 {[%clk 1:22:20]} 25. f4 {[%clk 0:31:31]} Bf6 {[%clk 1:21:59]}
26. a4 {[%clk 0:29:08]} a6 {[%clk 1:22:23]} 27. axb5 {[%clk 0:27:01]} axb5
{[%clk 1:22:50]} 28. Ra1 {[%clk 0:27:17]} Nc4 {[%clk 1:20:55]} 29. Bxc4
{[%clk 0:23:50]} dxc4 {[%clk 1:19:58]} 30. Ra6 {[%clk 0:17:41]} Bxe5
{[%clk 1:20:25]} 31. fxe5 {[%clk 0:17:59]} Rxf1+ {[%clk 1:20:51]} 32. Kxf1
{[%clk 0:18:25]} c5 {[%clk 1:21:08]} 1/2-1/2

[Event "WCO 2016"]
[Site "?"]
[Date "2016.09.13"]
[Round "11"]
[Board "14"]
[WhiteID "7105002"]
[White "Faruq Afifa Ayyun"]
[BlackID "14105870"]
[Black "Dolzhikova Olga"]
[Result "0-1"]
[BlackElo "2167"]
[WhiteElo "1667"]
[LiveChessVersion "1.4.8"]

1. e4 {[%clk 1:30:56]} d5 {[%clk 1:30:51]} 2. exd5 {[%clk 1:31:16]} Qxd5
{[%clk 1:31:18]} 3. Nc3 {[%clk 1:31:30]} Qa5 {[%clk 1:31:44]} 4. d4
{[%clk 1:31:42]} Nf6 {[%clk 1:32:02]} 5. Bc4 {[%clk 1:29:24]} Bf5
{[%clk 1:32:15]} 6. Nf3 {[%clk 1:29:30]} e6 {[%clk 1:32:14]} 7. Bd2
{[%clk 1:29:32]} c6 {[%clk 1:32:37]} 8. Qe2 {[%clk 1:29:14]} Bb4 {[%clk 1:28:03]}
9. O-O {[%clk 1:27:51]} Nbd7 {[%clk 1:25:30]} 10. a3 {[%clk 1:24:50]} Bxc3
{[%clk 1:25:18]} 11. Bxc3 {[%clk 1:25:12]} Qc7 {[%clk 1:23:48]} 12. Ne5
{[%clk 1:25:10]} O-O {[%clk 1:19:41]} 13. h3 {[%clk 1:21:48]} Ne4
{[%clk 1:11:10]} 14. Bb4 {[%clk 1:13:44]} Nxe5 {[%clk 1:04:57]} 15. Bxf8
{[%clk 0:53:20]} Nxc4 {[%clk 1:04:44]} 16. Bb4 {[%clk 0:51:31]} Nxb2
{[%clk 0:58:17]} 17. a4 {[%clk 0:43:14]} a5 {[%clk 0:44:48]} 18. Be1
{[%clk 0:42:02]} Nd6 {[%clk 0:43:13]} 19. Bc3 {[%clk 0:41:59]} Nbc4
{[%clk 0:43:21]} 20. f4 {[%clk 0:39:36]} b5 {[%clk 0:41:47]} 21. Ra2
{[%clk 0:34:19]} Be4 {[%clk 0:37:29]} 22. Be1 {[%clk 0:28:31]} Bd5
{[%clk 0:37:28]} 23. Ra1 {[%clk 0:28:42]} Nf5 {[%clk 0:35:01]} 24. c3
{[%clk 0:27:49]} bxa4 {[%clk 0:31:57]} 25. Bd2 {[%clk 0:20:34]} Ng3
{[%clk 0:31:33]} 26. Qf2 {[%clk 0:19:04]} Nxf1 {[%clk 0:31:54]} 27. Kxf1
{[%clk 0:19:03]} a3 {[%clk 0:31:22]} 28. Bc1 {[%clk 0:14:16]} Rb8
{[%clk 0:30:47]} 29. Qc2 {[%clk 0:12:24]} h6 {[%clk 0:29:39]} 30. Kg1
{[%clk 0:08:09]} Rb2 {[%clk 0:26:28]} 31. Bxb2 {[%clk 0:07:24]} axb2
{[%clk 0:26:53]} 32. Re1 {[%clk 0:06:52]} Qxf4 {[%clk 0:26:53]} 0-1

[Event "WCO 2016"]
[Site "?"]
[Date "2016.09.13"]
[Round "11"]
[Board "15"]
[WhiteID "1501909"]
[White "Hagesather Ellen"]
[BlackID "7109083"]
[Black "Putri Regita Desyari"]
[Result "1/2-1/2"]
[BlackElo "1623"]
[WhiteElo "2139"]
[LiveChessVersion "1.4.8"]

1. Nf3 {[%clk 1:30:56]} Nf6 {[%clk 1:30:41]} 2. g3 {[%clk 1:31:15]} e6
{[%clk 1:30:25]} 3. Bg2 {[%clk 1:31:24]} d5 {[%clk 1:29:53]} 4. d3
{[%clk 1:31:33]} Be7 {[%clk 1:28:41]} 5. Nbd2 {[%clk 1:31:44]} b6
{[%clk 1:27:23]} 6. O-O {[%clk 1:30:40]} Bb7 {[%clk 1:26:45]} 7. c3
{[%clk 1:28:54]} O-O {[%clk 1:25:52]} 8. Qc2 {[%clk 1:28:59]} c5 {[%clk 1:23:21]}
9. Re1 {[%clk 1:27:10]} Nc6 {[%clk 1:20:31]} 10. e4 {[%clk 1:27:03]} Rc8
{[%clk 1:19:26]} 11. e5 {[%clk 1:25:54]} Nd7 {[%clk 1:18:07]} 12. Nf1
{[%clk 1:25:57]} Re8 {[%clk 1:17:22]} 13. h4 {[%clk 1:25:03]} Nf8
{[%clk 1:11:22]} 14. N1h2 {[%clk 1:22:38]} a5 {[%clk 1:01:44]} 15. h5
{[%clk 1:19:09]} h6 {[%clk 1:00:38]} 16. Ng4 {[%clk 1:16:01]} Nh7
{[%clk 0:59:22]} 17. Qe2 {[%clk 1:08:35]} Ba6 {[%clk 0:53:38]} 18. Bf4
{[%clk 1:07:53]} Bf8 {[%clk 0:47:10]} 19. Qd2 {[%clk 1:05:22]} Qd7
{[%clk 0:45:33]} 20. Nfh2 {[%clk 0:52:32]} Ne7 {[%clk 0:37:20]} 21. b3
{[%clk 0:43:06]} Red8 {[%clk 0:36:37]} 22. a3 {[%clk 0:41:25]} Nf5
{[%clk 0:34:02]} 23. Nf1 {[%clk 0:35:21]} Rb8 {[%clk 0:32:30]} 24. Red1
{[%clk 0:29:18]} Qc7 {[%clk 0:28:01]} 25. Nfe3 {[%clk 0:25:27]} Nxe3
{[%clk 0:25:33]} 26. fxe3 {[%clk 0:24:53]} Qd7 {[%clk 0:23:01]} 27. Qf2
{[%clk 0:19:06]} Qe8 {[%clk 0:21:49]} 28. Rd2 {[%clk 0:17:27]} Rbc8
{[%clk 0:20:12]} 29. e4 {[%clk 0:17:28]} d4 {[%clk 0:19:57]} 30. c4
{[%clk 0:16:15]} Rc7 {[%clk 0:19:28]} 31. Rb2 {[%clk 0:15:54]} Ra7
{[%clk 0:13:49]} 32. Rf1 {[%clk 0:15:30]} b5 {[%clk 0:09:30]} 33. Qd2
{[%clk 0:12:40]} b4 {[%clk 0:09:04]} 34. axb4 {[%clk 0:12:22]} axb4
{[%clk 0:09:15]} 35. Ra2 {[%clk 0:11:34]} Rda8 {[%clk 0:09:10]} 36. Rfa1
{[%clk 0:09:13]} Qb8 {[%clk 0:07:55]} 37. Nh2 {[%clk 0:07:37]} Bb7
{[%clk 0:06:49]} 38. Qb2 {[%clk 0:06:16]} Be7 {[%clk 0:06:30]} 39. Nf3
{[%clk 0:04:03]} Rxa2 {[%clk 0:03:28]} 40. Rxa2 {[%clk 0:34:26]} Rxa2
{[%clk 0:33:50]} 41. Qxa2 {[%clk 0:34:53]} Qa8 {[%clk 0:34:12]} 42. Qxa8+
{[%clk 0:31:21]} Bxa8 {[%clk 0:34:35]} 43. Kf2 {[%clk 0:31:07]} Kf8
{[%clk 0:33:58]} 44. Ke2 {[%clk 0:28:58]} Ke8 {[%clk 0:34:02]} 45. Bd2
{[%clk 0:28:48]} Ng5 {[%clk 0:31:19]} 46. Nh2 {[%clk 0:27:15]} 1/2-1/2